North America Tile Select - Statistics

General Stats
  • This quiz has been taken 24 times
  • The average score is 68 of 80
Answer Stats
Question Tile Select % Correct
North American Countries that have a city with an urban population over 1 million Bahamas No
100%
Caribbean island countries Belize No
100%
Caribbean island countries Cape Verde No
100%
Caribbean island countries Comoros No
100%
Caribbean island countries Dominica Yes
100%
Caribbean island countries El Salvador No
100%
North American Countries that have a city with an urban population over 1 million Grenada No
100%
North American Capitals Havana Yes
100%
Caribbean island countries Honduras No
100%
Caribbean island countries Jamaica Yes
100%
North American Capitals Montréal No
100%
Caribbean island countries Nicaragua No
100%
North American Capitals Port au Prince Yes
100%
North American Countries that have a city with an urban population over 1 million Saint Kitts and Nevis No
100%
North American Countries that have a city with an urban population over 1 million Saint Lucia No
100%
North American Countries that have a city with an urban population over 1 million Saint Vincent and the Grenadines No
100%
North American Capitals Toronto No
100%
Caribbean island countries Barbados Yes
95%
North American Countries that have a city with an urban population over 1 million Barbados No
95%
North American Countries that have a city with an urban population over 1 million Canada Yes
95%
Caribbean island countries Grenada Yes
95%
North American Capitals New York City No
95%
North American Countries that have a city with an urban population over 1 million Panama Yes
95%
Caribbean island countries Saint Kitts and Nevis Yes
95%
Caribbean island countries Saint Lucia Yes
95%
Caribbean island countries Saint Vincent and the Grenadines Yes
95%
Caribbean island countries Trinidad and Tobago Yes
95%
Caribbean island countries Antigua and Barbuda Yes
90%
North American Countries that have a city with an urban population over 1 million Belize No
90%
North American Capitals Boston No
90%
North American Capitals Bridgetown Yes
90%
U.S. cities that have a city proper and urban population over 750,000 Dallas Yes
90%
North American Countries that have a city with an urban population over 1 million Dominican Republic Yes
90%
North American Countries that have a city with an urban population over 1 million Guatemala Yes
90%
North American Capitals Kingstown Yes
90%
U.S. cities that have a city proper and urban population over 750,000 Los Angeles Yes
90%
U.S. cities that have a city proper and urban population over 750,000 Los Cruces No
90%
North American countries that have a population over 1 million Mexico Yes
90%
U.S. cities that have a city proper and urban population over 750,000 New York City Yes
90%
North American Capitals Ottawa Yes
90%
North American countries that have a population over 1 million Saint Kitts and Nevis No
90%
Caribbean island countries São Tomé and Principe No
90%
North American countries that have a population over 1 million Barbados No
86%
U.S. cities that have a city proper and urban population over 750,000 Billings No
86%
North American countries that have a population over 1 million Canada Yes
86%
North American countries that have a population over 1 million Grenada No
86%
North American Countries that have a city with an urban population over 1 million Haiti Yes
86%
North American countries that have a population over 1 million Haiti Yes
86%
North American countries that have a population over 1 million Honduras Yes
86%
U.S. cities that have a city proper and urban population over 750,000 Houston Yes
86%
North American countries that have a population over 1 million Jamaica Yes
86%
North American countries that have a population over 1 million Panama Yes
86%
North American Capitals Port Of Spain Yes
86%
North American Capitals Saint George’s Yes
86%
U.S. cities that have a city proper and urban population over 750,000 San Antonio Yes
86%
North American Countries that have a city with an urban population over 1 million Trinidad and Tobago No
86%
U.S. cities that have a city proper and urban population over 750,000 Wichita No
86%
North American countries that have a population over 1 million Bahamas No
81%
North American countries that have a population over 1 million Dominica No
81%
North American countries that have a population over 1 million Dominican Republic Yes
81%
North American Countries that have a city with an urban population over 1 million Honduras Yes
81%
U.S. cities that have a city proper and urban population over 750,000 Jacksonville Yes
81%
U.S. cities that have a city proper and urban population over 750,000 Phoenix Yes
81%
North American Capitals San Jośe Yes
81%
North American Capitals Basseterre Yes
76%
North American countries that have a population over 1 million Belize No
76%
North American countries that have a population over 1 million Costa Rica Yes
76%
North American Capitals Managua Yes
76%
North American Capitals Tegucigalpa Yes
76%
North American Countries that have a city with an urban population over 1 million Costa Rica Yes
71%
North American countries that have a population over 1 million Guatemala Yes
71%
North American Countries that have a city with an urban population over 1 million Nicaragua Yes
71%
North American Capitals Belize City No
67%
U.S. cities that have a city proper and urban population over 750,000 Milwaukee No
52%
U.S. cities that have a city proper and urban population over 750,000 Indianapolis Yes
48%
U.S. cities that have a city proper and urban population over 750,000 Kansas City No
48%
North American countries that have a population over 1 million Trinidad and Tobago No
43%
U.S. cities that have a city proper and urban population over 750,000 Las Vegas No
33%
U.S. cities that have a city proper and urban population over 750,000 Boston No
29%
U.S. cities that have a city proper and urban population over 750,000 Atlanta No
24%
No matching quizzes found
Score Distribution
Percent of People with Each Score
Percentile by Number Answered
Your Score History
You have not taken this quiz